000 00977nam a2200265 i 4500
001 181883
003 ES-MaACL
005 20231021153742.0
008 130506s2010 xxu |||| | spa d
020 _a0-87612-024-9
080 _a232.33
080 _a294.527
100 1 _aYogananda, Paramahansa.
_9117656
245 1 3 _aEl yoga de Jesús
_b: claves para comprender las enseñanzas ocultas de los evangelios /
_cselecciones provenientes de los escritos de Paramahansa Yogananda.
250 _a1ª ed. en español, 2ª reimp.
260 _aLos Ángeles, California :
_bSelf-Realization Fellowship,
_c2010.
300 _aXIV, 161 p. :
_bil. ;
_c23 cm.
500 _aÍndice.
600 0 4 _aJesucristo-
_xEnseñanzas.
_9147809
650 4 _aYoga.
_917859
852 _aES-MaACL
_jA-12703
_9188791
_bR.148988
_cDEPO1
_dOlim: N-5703
_xDonación: Luis Navas Sánchez
903 _9234372
_aNavas Sánchez, Luis
_ednr
942 _2udc
_cMONOGRAFIA
999 _c181883
_d181883